000 00606nam a2200181Ia 4500
003 GCL
008 140319s9999 xx 000 0 ara d
040 _aGCL /
_cGCL
082 0 4 _a641.7
_bش ا
100 1 _aشوقى داغر
245 1 0 _aالاغذية التقليدية فى الشرق الادنى /
_cشوقى داغر
260 _a[S.N] :
_bمنظمة الاغذية والزراعة للأمم المتحدة ،
_c1990
300 _a214 ص
490 _aسلسلة بحوث الاغذية والتغذية
_v0
650 0 4 _aالشرق الادنى
650 0 4 _aالطهى
942 _2ddc
_cBK
999 _c53748
_d53748